=LDR 00000nam 2200000 4500 =001 INLIS000000000009518 =005 20231214081349 =035 ##$$a 0010-061300000009518 =008 231214###########################0###### =041 ##$$a Ind =082 ##$$a 155.633 =090 ##$$a 155.4, Mul m =100 ##$$a Ibrahim, Zakaria =245 1#$$a Psikologi Wanita, Dr. Zakaria Ibrahim =260 ##$$a 2002 :$b Bandung =300 ##$$a 162 hlm, 21 cm =650 #4$$a Wanita-psikologi =850 ##$$a NBPNMAT =084 ##$$a 155.633 IBR p =990 ##$$a DW00023967 =990 ##$$a DW00023968 =990 ##$$a DW00023969 =990 ##$$a DW00023970